00510cam a2200169ua 45000010005000000080039000050400009000440820008000531000033000612450072000942500009001662600038001753000027002136530014002406530053002547000033003071755110719n ii |||gr||||Z||||||eng cMAIN a337 aed. by Harrod, Roy,eAuthor.1 aInternational trade theory in a developing worldced. by Roy Harrod a1st. aBombay:bMacmillan & co ltd.,964. axv; 570p:bill;c23cm. aEconomics ainternational trade theory in a developing world aed by Hague, D. C.,eAuthor.